Visual modeling with IBM rational software architecture and UML (Record no. 191686)

MARC details
000 -LEADER
fixed length control field 00537nam a2200169Ia 4500
005 - DATE AND TIME OF LATEST TRANSACTION
control field 20241213103414.0
008 - FIXED-LENGTH DATA ELEMENTS--GENERAL INFORMATION
fixed length control field 231217s9999 xx 000 0 und d
020 ## - INTERNATIONAL STANDARD BOOK NUMBER
International Standard Book Number 9788131726891
082 ## - DEWEY DECIMAL CLASSIFICATION NUMBER
Classification number 001.6424UML QUA;1 R
100 ## - MAIN ENTRY--PERSONAL NAME
Personal name Quatrani, Terry. Palistrant, Jim.
245 #0 - TITLE STATEMENT
Title Visual modeling with IBM rational software architecture and UML
260 ## - PUBLICATION, DISTRIBUTION, ETC. (IMPRINT)
Date of publication, distribution, etc. 2006
Name of publisher, distributor, etc. Dorling Kindersley
Place of publication, distribution, etc. Noida
300 ## - PHYSICAL DESCRIPTION
Extent xxiii, 193
650 ## - SUBJECT ADDED ENTRY--TOPICAL TERM
Topical term or geographic name as entry element Visual,modeling,rational,software,architecture,UML
942 ## - ADDED ENTRY ELEMENTS (KOHA)
Koha item type Books
400 ## - SERIES STATEMENT/ADDED ENTRY--PERSONAL NAME [OBSOLETE, CAN/MARC], [LOCAL, USA]
Personal name Developer works series
Holdings
Date last seen Total Checkouts Full call number Accession number Old discount Uniform Resource Identifier Cost, replacement price Price effective from Category Lost status Damaged status Department Withdrawn status bill no. bill date Permanent Location Current Location Shelving location Entry date Vendor Cost, normal purchase price Grants Currency symbol Conversion rate Discount Discount type
26/01/2024   001.6424UML QUA;1 R 77417 20 digital/contents/77417.pdf 300.00 26/01/2024 Books     Central Library   SIPHO/2010/CRB/1566 03/12/2015 Central Library Central Library Central Library 28/02/2011 Surya Infotainment Products Pvt. Ltd. 375.00 ME/PG RS 1 75 Rupees
26/01/2024   001.6424UML QUA;2 R1 77418 20 digital/contents/77417.pdf 300.00 26/01/2024 Books     Central Library   SIPHO/2010/CRB/1566 31/10/2015 Central Library Central Library Central Library 28/02/2011 Surya Infotainment Products Pvt. Ltd. 375.00 ME/PG RS 1 75 Rupees
26/01/2024   001.6424UML QUA;3 77419 20 digital/contents/77417.pdf 300.00 26/01/2024 Books     Central Library   SIPHO/2010/CRB/1566 02/11/2015 Central Library Central Library Central Library 28/02/2011 Surya Infotainment Products Pvt. Ltd. 375.00 ME/PG RS 1 75 Rupees
26/01/2024   001.6424UML QUA;4 77420 20 digital/contents/77417.pdf 300.00 26/01/2024 Books     Central Library   SIPHO/2010/CRB/1566 10/10/2015 Central Library Central Library Central Library 28/02/2011 Surya Infotainment Products Pvt. Ltd. 375.00 ME/PG RS 1 75 Rupees
26/01/2024   001.6424UML QUA;5 77421 20 digital/contents/77417.pdf 300.00 26/01/2024 Books     Central Library   SIPHO/2010/CRB/1566 03/12/2015 Central Library Central Library Central Library 28/02/2011 Surya Infotainment Products Pvt. Ltd. 375.00 ME/PG RS 1 75 Rupees

© For any Suggestions or Query, please contact the library staff @ librarian@pes.edu or Phone: +9180 2672 1983/ 2108.